[Event "NB II. Barcza csoport"]
[Site "Hajduboszormeny"]
[Date "2023.12.10"]
[Round "3.2"]
[White "Leviczky, Tibor"]
[Black "Burghardt, Jozsef"]
[Result "1/2-1/2"]
[WhiteElo "2281"]
[BlackElo "2095"]
[PlyCount "89"]
[EventDate "2023.10.08"]
[EventType "team-tourn"]
[EventRounds "9"]
[EventCountry "HUN"]
[Source "chess.hu"]
[WhiteTeam "Hajduboszormenyi SE"]
[BlackTeam "Mezokovesd  Zsory SE"]
[WhiteTeamCountry "HUN"]
[BlackTeamCountry "HUN"]

1. Nf3 g6 2. c4 Bg7 3. d4 d6 4. Nc3 Bg4 5. e3 c6 6. h3 Bxf3 7. Qxf3 Nd7 8. Bd2
e5 9. d5 Ne7 10. h4 f5 11. e4 O-O 12. h5 fxe4 13. Qh3 Nf6 14. hxg6 hxg6 15.
Qe6+ Rf7 16. g4 Qc8 17. g5 Ne8 18. Bh3 Qd8 19. Nxe4 cxd5 20. cxd5 Nc7 21. Qxd6
Nexd5 22. Qxg6 Nf4 23. Bxf4 exf4 24. Bf5 Kf8 25. Rd1 Qe8 26. O-O Be5 27. Nd6
Bxd6 28. Qxd6+ Qe7 29. Qxe7+ Rxe7 30. Rd4 Re5 31. Bg4 Nd5 32. Rfd1 Rxg5 33. f3
Rd8 34. Kf2 Ke7 35. Re4+ Kd6 36. Rxf4 Rh8 37. Kg3 Rc8 38. Rf7 Rc7 39. Rxc7 Kxc7
40. Rc1+ Kd6 41. a3 a5 42. Rc8 Nb6 43. Rc3 Na4 44. Rd3+ Rd5 45. Rxd5+ 1/2-1/2

[Event "NB II. Barcza csoport"]
[Site "Hajduboszormeny"]
[Date "2023.12.10"]
[Round "3.3"]
[White "Paal-Szucs, Attila"]
[Black "Toth, Tamas"]
[Result "0-1"]
[WhiteElo "2025"]
[BlackElo "2206"]
[PlyCount "76"]
[EventDate "2023.10.08"]
[EventType "team-tourn"]
[EventRounds "9"]
[EventCountry "HUN"]
[Source "chess.hu"]
[WhiteTeam "Mezokovesd  Zsory SE"]
[BlackTeam "Hajduboszormenyi SE"]
[WhiteTeamCountry "HUN"]
[BlackTeamCountry "HUN"]

1. e4 e5 2. Nf3 Nc6 3. Bb5 a6 4. Ba4 d6 5. Bxc6+ bxc6 6. d4 f6 7. h3 g6 8. b3
Bg7 9. Bb2 Nh6 10. c4 Nf7 11. Na3 O-O 12. O-O exd4 13. Nxd4 c5 14. Nc6 Qe8 15.
Na5 Be6 16. Nc2 Qd7 17. Ne3 Rae8 18. Qd2 Ng5 19. f3 f5 20. h4 Bxb2 21. Qxb2 Nf7
22. exf5 Bxf5 23. Nd5 Ne5 24. f4 Ng4 25. Rae1 Be4 26. Qd2 Rf7 27. Nc3 Nf6 28.
Re2 Ba8 29. Rfe1 Rxe2 30. Qxe2 Qf5 31. g3 Kg7 32. a3 Nh5 33. Qb2 Kh6 34. Kh2
Nxf4 35. gxf4 Qxf4+ 36. Kh3 Qf3+ 37. Kh2 Rf4 38. Qd2 Kh5 0-1

[Event "NB II. Barcza csoport"]
[Site "Hajduboszormeny"]
[Date "2023.12.10"]
[Round "3.4"]
[White "Bartha, Gabor"]
[Black "Pap, Janos"]
[Result "1-0"]
[WhiteElo "2055"]
[BlackElo "2030"]
[PlyCount "125"]
[EventDate "2023.10.08"]
[EventType "team-tourn"]
[EventRounds "9"]
[EventCountry "HUN"]
[Source "chess.hu"]
[WhiteTeam "Hajduboszormenyi SE"]
[BlackTeam "Mezokovesd  Zsory SE"]
[WhiteTeamCountry "HUN"]
[BlackTeamCountry "HUN"]

1. d4 Nf6 2. c4 e6 3. Nf3 Bb4+ 4. Bd2 Qe7 5. g3 Nc6 6. Bg2 Bxd2+ 7. Nbxd2 a5 8.
O-O d6 9. e4 e5 10. d5 Nb8 11. Ne1 h5 12. h3 h4 13. g4 g5 14. Nc2 Na6 15. Ne3
Nc5 16. Qc2 O-O 17. b3 Bd7 18. a3 Rfb8 19. b4 axb4 20. axb4 Na6 21. b5 Nc5 22.
Nb3 Nxb3 23. Qxb3 b6 24. Ra3 Nh7 25. Rfa1 Qd8 26. Ra6 Rc8 27. Nc2 Nf8 28. Nb4
Ng6 29. Qe3 Rab8 30. Ra7 Nf4 31. Bf1 Kg7 32. Qb3 Ra8 33. R7a6 Rxa6 34. bxa6 Ra8
35. Ra3 Qc8 36. f3 c5 37. dxc6 Bxc6 38. Qc3 Qc7 39. Qe3 f6 40. Nd5 Bxd5 41.
cxd5 Qc5 42. Rc3 Qd4 43. Rc7+ Kf8 44. Qxd4 exd4 45. a7 d3 46. Bxd3 Nxd3 47. Rb7
Rxa7 48. Rxa7 Nc5 49. Ra1 Ke7 50. Rb1 Nd7 51. Kf2 Kd8 52. Ke3 Kc7 53. f4 Kb7
54. fxg5 fxg5 55. Kd4 Ne5 56. Rf1 b5 57. Rf6 Kc7 58. Rf5 Kb6 59. Rxe5 dxe5+ 60.
Kxe5 Kc5 61. d6 Kc6 62. Ke6 b4 63. d7 1-0

[Event "NB II. Barcza csoport"]
[Site "Hajduboszormeny"]
[Date "2023.12.10"]
[Round "3.5"]
[White "Zelei, Zoltan"]
[Black "Miklosi, Attila"]
[Result "1/2-1/2"]
[WhiteElo "2066"]
[BlackElo "2061"]
[PlyCount "40"]
[EventDate "2023.10.08"]
[EventType "team-tourn"]
[EventRounds "9"]
[EventCountry "HUN"]
[Source "chess.hu"]
[WhiteTeam "Mezokovesd  Zsory SE"]
[BlackTeam "Hajduboszormenyi SE"]
[WhiteTeamCountry "HUN"]
[BlackTeamCountry "HUN"]

1. d4 Nf6 2. Nf3 g6 3. g3 Bg7 4. Bg2 O-O 5. O-O d5 6. b3 c5 7. e3 Nc6 8. Bb2
cxd4 9. exd4 Bg4 10. h3 Bf5 11. c3 Rc8 12. Nbd2 Ne4 13. g4 Nxd2 14. Nxd2 Bd3
15. Re1 f5 16. Nf3 Be4 17. Ng5 Bxg2 18. Ne6 Qd6 19. Kxg2 Rf6 20. Qe2 Kf7
1/2-1/2

[Event "NB II. Barcza csoport"]
[Site "Hajduboszormeny"]
[Date "2023.12.10"]
[Round "3.6"]
[White "Toth, Janos"]
[Black "Hevesi, Zoltan"]
[Result "1/2-1/2"]
[WhiteElo "2043"]
[BlackElo "2003"]
[PlyCount "26"]
[EventDate "2023.10.08"]
[EventType "team-tourn"]
[EventRounds "9"]
[EventCountry "HUN"]
[Source "chess.hu"]
[WhiteTeam "Hajduboszormenyi SE"]
[BlackTeam "Mezokovesd  Zsory SE"]
[WhiteTeamCountry "HUN"]
[BlackTeamCountry "HUN"]

1. d4 Nf6 2. Nf3 e6 3. Bg5 d5 4. e3 Be7 5. Bd3 O-O 6. O-O b6 7. Qe2 Nbd7 8.
Nbd2 Bb7 9. c3 c5 10. Bxf6 Nxf6 11. e4 dxe4 12. Nxe4 Nxe4 13. Bxe4 Bxe4 1/2-1/2

[Event "NB II. Barcza csoport"]
[Site "Hajduboszormeny"]
[Date "2023.12.10"]
[Round "3.7"]
[White "Sallai, Janos"]
[Black "Uzonyi, David"]
[Result "0-1"]
[WhiteElo "1855"]
[BlackElo "2049"]
[PlyCount "146"]
[EventDate "2023.10.08"]
[EventType "team-tourn"]
[EventRounds "9"]
[EventCountry "HUN"]
[Source "chess.hu"]
[WhiteTeam "Mezokovesd  Zsory SE"]
[BlackTeam "Hajduboszormenyi SE"]
[WhiteTeamCountry "HUN"]
[BlackTeamCountry "HUN"]

1. e4 c5 2. Nf3 Nf6 3. e5 Nd5 4. Nc3 e6 5. Bc4 Nf4 6. O-O Nc6 7. Re1 a6 8. a4
b6 9. d3 Ng6 10. Qe2 Bb7 11. Nd1 Qc7 12. c3 d6 13. exd6 Bxd6 14. h3 O-O 15. Ng5
Nce5 16. Bb3 Qc6 17. f3 Nh4 18. d4 Neg6 19. Nxf7 Rxf7 20. Bxe6 Re8 21. Bxf7+
Kxf7 22. Qxe8+ Qxe8 23. Rxe8 Kxe8 24. Nf2 cxd4 25. cxd4 Nf5 26. Bd2 Nxd4 27.
Re1+ Kf7 28. Bc3 Ne6 29. Ne4 Bxe4 30. Rxe4 Nc5 31. Rg4 Ne5 32. Rg5 Ncd3 33. f4
Ng6 34. Rd5 Bc5+ 35. Kf1 Ndxf4 36. Rd7+ Ne7 37. b4 Be3 38. Bxg7 Nfd5 39. Bb2
Nxb4 40. Ke2 Bc5 41. Ba3 Ke6 42. Rb7 a5 43. Rb8 Nbc6 44. Bxc5 Nxb8 45. Bxb6
Nbc6 46. Kd3 Nd5 47. Bc5 Nf4+ 48. Kc4 Nxg2 49. Kb5 Kd5 50. Bf2 Nf4 51. h4 Ne2
52. Be1 Ned4+ 53. Kb6 Kc4 54. Bxa5 Nxa5 55. Kxa5 Kc5 56. Ka6 Kc6 57. Ka7 h5 58.
Kb8 Nf5 59. a5 Kb5 60. Kc7 Nxh4 61. Kd6 Ng6 62. Kd5 h4 63. Ke4 Kxa5 64. Kf3 Kb5
65. Kg2 Kc4 66. Kh3 Kd4 67. Kg4 Ke4 68. Kh3 Kf3 69. Kh2 Nf4 70. Kh1 Kg3 71. Kg1
Nh3+ 72. Kh1 Nf2+ 73. Kg1 h3 0-1

[Event "NB II. Barcza csoport"]
[Site "Hajduboszormeny"]
[Date "2023.12.10"]
[Round "3.8"]
[White "Toviskes, Antal"]
[Black "Kelemen, Gyorgy"]
[Result "1-0"]
[WhiteElo "1985"]
[BlackElo "1986"]
[PlyCount "45"]
[EventDate "2023.10.08"]
[EventType "team-tourn"]
[EventRounds "9"]
[EventCountry "HUN"]
[Source "chess.hu"]
[WhiteTeam "Hajduboszormenyi SE"]
[BlackTeam "Mezokovesd  Zsory SE"]
[WhiteTeamCountry "HUN"]
[BlackTeamCountry "HUN"]

1. e4 e6 2. d3 d5 3. Nd2 c5 4. g3 Nc6 5. Bg2 Nf6 6. Ngf3 dxe4 7. dxe4 e5 8. O-O
Be6 9. c3 Bd6 10. Qc2 h6 11. Re1 O-O 12. Nf1 Bc7 13. Ne3 Qe7 14. Nh4 Rad8 15.
Nef5 Bxf5 16. Nxf5 Qe6 17. Be3 b6 18. Bh3 Qc4 19. Qc1 g6 20. Bxh6 Rfe8 21. Bg7
Nh7 22. Qh6 Rd3 23. Bf8 1-0

[Event "NB II. Barcza csoport"]
[Site "Hajduboszormeny"]
[Date "2023.12.10"]
[Round "3.9"]
[White "Pap, Kristof"]
[Black "Kiss, Gabor"]
[Result "1-0"]
[WhiteElo "1892"]
[BlackElo "1700"]
[PlyCount "61"]
[EventDate "2023.10.08"]
[EventType "team-tourn"]
[EventRounds "9"]
[EventCountry "HUN"]
[Source "chess.hu"]
[WhiteTeam "Mezokovesd  Zsory SE"]
[BlackTeam "Hajduboszormenyi SE"]
[WhiteTeamCountry "HUN"]
[BlackTeamCountry "HUN"]

1. e4 e5 2. Nf3 Nc6 3. d4 exd4 4. Bc4 Be7 5. O-O d6 6. Nxd4 Nf6 7. Nc3 O-O 8.
h3 a6 9. Nxc6 bxc6 10. f4 Be6 11. Bd3 Qc8 12. Qf3 d5 13. e5 Ne8 14. f5 Bd7 15.
f6 Bc5+ 16. Kh1 g6 17. Bh6 Be6 18. Qg3 Rb8 19. h4 Rb4 20. Rf4 Rxf4 21. Qxf4 Bg4
22. b4 Ba7 23. Rf1 Bh5 24. Be2 Bxe2 25. Nxe2 Qd7 26. Nd4 c5 27. e6 fxe6 28.
Bxf8 cxd4 29. f7+ Kxf8 30. fxe8=Q+ Kxe8 31. Qf8# 1-0

[Event "NB II. Barcza csoport"]
[Site "Hajduboszormeny"]
[Date "2023.12.10"]
[Round "3.10"]
[White "Toth, Gergely"]
[Black "Pota, Lajos"]
[Result "1/2-1/2"]
[WhiteElo "1586"]
[BlackElo "1510"]
[PlyCount "81"]
[EventDate "2023.10.08"]
[EventType "team-tourn"]
[EventRounds "9"]
[EventCountry "HUN"]
[Source "chess.hu"]
[WhiteTeam "Hajduboszormenyi SE"]
[BlackTeam "Mezokovesd  Zsory SE"]
[WhiteTeamCountry "HUN"]
[BlackTeamCountry "HUN"]

1. e4 c5 2. Nf3 Nc6 3. d4 cxd4 4. Nxd4 e5 5. Nb5 a6 6. Nd6+ Bxd6 7. Qxd6 Qf6 8.
Qxf6 Nxf6 9. Nc3 Nb4 10. Bd3 Nxd3+ 11. cxd3 b5 12. a3 Bb7 13. O-O O-O 14. Bg5
Nh5 15. f3 h6 16. Be3 Rac8 17. Rac1 Nf6 18. Bf2 d5 19. Rfd1 d4 20. Ne2 Nd7 21.
b4 Nb6 22. Rxc8 Rxc8 23. Rc1 Na4 24. Rxc8+ Bxc8 25. Be1 Nb2 26. Nc1 f5 27. h3
Kf7 28. Bd2 Kf6 29. Kf2 g5 30. Ke2 Be6 31. g4 fxg4 32. fxg4 Kg6 33. Kf2 h5 34.
Kf3 Bf7 35. Ke2 Na4 36. Kf3 Be6 37. Ne2 Nb6 38. Ng3 hxg4+ 39. hxg4 Na4 40. Nf5
Kf6 41. Ke2 1/2-1/2

[Event "NB II. Barcza csoport"]
[Site "Hajduboszormeny"]
[Date "2023.12.10"]
[Round "3.11"]
[White "Gaspar, Muriel Aranka"]
[Black "Bodis, Szabolcs"]
[Result "1/2-1/2"]
[WhiteElo "1434"]
[BlackElo "1674"]
[PlyCount "79"]
[EventDate "2023.10.08"]
[EventType "team-tourn"]
[EventRounds "9"]
[EventCountry "HUN"]
[Source "chess.hu"]
[WhiteTeam "Mezokovesd  Zsory SE"]
[BlackTeam "Hajduboszormenyi SE"]
[WhiteTeamCountry "HUN"]
[BlackTeamCountry "HUN"]

1. d4 d5 2. Nc3 Nf6 3. Bg5 e6 4. e4 dxe4 5. Nxe4 Be7 6. Bxf6 Bxf6 7. c3 O-O 8.
f4 b6 9. Qf3 c6 10. Bd3 Bh4+ 11. g3 Be7 12. h4 Qd5 13. Ng5 g6 14. Be4 Qb5 15.
O-O-O f5 16. Bd3 Qd5 17. Qxd5 exd5 18. Re1 Bxg5 19. hxg5 Ba6 20. Bxa6 Nxa6 21.
Re7 Rf7 22. Rxf7 Kxf7 23. Rxh7+ Kg8 24. Rh6 Kg7 25. Nf3 Re8 26. Kd2 c5 27. dxc5
Nxc5 28. Ne5 Re6 29. Ke3 Ne4 30. Rh2 Nc5 31. Kd4 Rd6 32. Re2 Ne6+ 33. Kd3 Nc5+
34. Kd4 Ne6+ 35. Ke3 d4+ 36. cxd4 Rxd4 37. Rd2 Re4+ 38. Kf2 Rd4 39. Re2 Nc5 40.
Kf3 1/2-1/2

[Event "NB II. Barcza csoport"]
[Site "Hajduboszormeny"]
[Date "2023.12.10"]
[Round "3.12"]
[White "Tar, Zsombor Jozsef"]
[Black "Molnar, Marton Adam"]
[Result "1-0"]
[WhiteElo "1591"]
[BlackElo "1367"]
[PlyCount "39"]
[EventDate "2023.10.08"]
[EventType "team-tourn"]
[EventRounds "9"]
[EventCountry "HUN"]
[Source "chess.hu"]
[WhiteTeam "Hajduboszormenyi SE"]
[BlackTeam "Mezokovesd  Zsory SE"]
[WhiteTeamCountry "HUN"]
[BlackTeamCountry "HUN"]

1. d4 Nf6 2. c4 e6 3. Nc3 d5 4. Nf3 c6 5. e3 Bd6 6. Bd3 O-O 7. e4 dxe4 8. Nxe4
Nxe4 9. Bxe4 Nd7 10. O-O h6 11. Re1 Re8 12. Bc2 Qc7 13. Qd3 Nf6 14. Ne5 c5 15.
Qg3 Kh8 16. Nxf7+ Qxf7 17. Qxd6 Rf8 18. Bg6 Qg8 19. Re3 Bd7 20. Rg3 1-0

[Event "NB II. Barcza csoport"]
[Site "Miskolc"]
[Date "2023.12.10"]
[Round "3.1"]
[White "Kassay, Lilla"]
[Black "Farkas, Istvan"]
[Result "1/2-1/2"]
[WhiteElo "2046"]
[BlackElo "2007"]
[PlyCount "63"]
[EventDate "2023.10.08"]
[EventType "team-tourn"]
[EventRounds "9"]
[EventCountry "HUN"]
[Source "chess.hu"]
[WhiteTeam "M.Sportisk-KisBocsok"]
[BlackTeam "DVTK II."]
[WhiteTeamCountry "HUN"]
[BlackTeamCountry "HUN"]

1. e4 e5 2. Nf3 Nc6 3. Bc4 Bc5 4. c3 Nf6 5. d3 O-O 6. Bb3 a5 7. a4 h6 8. Nbd2
d5 9. Qe2 Re8 10. O-O Be6 11. Bc2 Ba7 12. h3 Nh5 13. Kh2 Nf4 14. Qd1 Qd7 15.
Ng1 Rad8 16. Qf3 f5 17. Bb3 Rf8 18. exd5 Bxd5 19. Bxd5+ Qxd5 20. d4 g5 21.
Qxd5+ Rxd5 22. dxe5 Nxe5 23. Ndf3 Nfd3 24. Nxe5 Rxe5 25. f4 Bxg1+ 26. Kxg1 Re2
27. fxg5 Nxc1 28. Raxc1 hxg5 29. Rf2 Rxf2 30. Kxf2 Kf7 31. Rd1 Ke6 32. Kf3
1/2-1/2

[Event "NB II. Barcza csoport"]
[Site "Miskolc"]
[Date "2023.12.10"]
[Round "3.2"]
[White "Kemendi, Daniel"]
[Black "Csendi, Balazs"]
[Result "1-0"]
[WhiteElo "1902"]
[BlackElo "2053"]
[PlyCount "57"]
[EventDate "2023.10.08"]
[EventType "team-tourn"]
[EventRounds "9"]
[EventCountry "HUN"]
[Source "chess.hu"]
[WhiteTeam "DVTK II."]
[BlackTeam "M.Sportisk-KisBocsok"]
[WhiteTeamCountry "HUN"]
[BlackTeamCountry "HUN"]

1. e4 c5 2. Nc3 Nc6 3. f4 e6 4. Bb5 Nf6 5. Bxc6 bxc6 6. Nf3 Ba6 7. d3 c4 8. O-O
cxd3 9. cxd3 Bc5+ 10. Kh1 Ng4 11. Qe2 d5 12. Ne5 Nxe5 13. fxe5 dxe4 14. Qxe4
O-O 15. Rf3 Rb8 16. Rh3 g6 17. Bh6 Re8 18. Qf4 Rb4 19. Ne4 Rxe4 20. Qxe4 Qb6
21. b3 Rd8 22. Rd1 Bd4 23. Bg5 Rd5 24. Bf6 h5 25. Qf4 Kf8 26. Qh6+ Ke8 27. Qh8+
Kd7 28. Qf8 Qc5 29. Qd8# 1-0

[Event "NB II. Barcza csoport"]
[Site "Miskolc"]
[Date "2023.12.10"]
[Round "3.3"]
[White "Vanczak, Attila"]
[Black "Laszlo, Zoltan"]
[Result "1-0"]
[WhiteElo "2125"]
[BlackElo "1833"]
[PlyCount "111"]
[EventDate "2023.10.08"]
[EventType "team-tourn"]
[EventRounds "9"]
[EventCountry "HUN"]
[Source "chess.hu"]
[WhiteTeam "M.Sportisk-KisBocsok"]
[BlackTeam "DVTK II."]
[WhiteTeamCountry "HUN"]
[BlackTeamCountry "HUN"]

1. d4 Nf6 2. Bg5 d5 3. Bxf6 exf6 4. e3 c6 5. Bd3 Bd6 6. Ne2 Be6 7. Nd2 Nd7 8.
Ng3 g6 9. O-O Qc7 10. c4 dxc4 11. Nxc4 Bxc4 12. Bxc4 O-O 13. Re1 Bxg3 14. hxg3
Rad8 15. Rc1 Qd6 16. a3 f5 17. Qb3 Nb6 18. Be2 Rd7 19. Bf3 Re8 20. Rc5 Nd5 21.
Bxd5 cxd5 22. Rec1 b6 23. Rc6 Qe7 24. Qc3 h5 25. Rc7 Red8 26. b4 Kg7 27. a4
Rxc7 28. Qxc7 Rd7 29. Qc6 Rd6 30. Qc7 Rd7 31. Qc3 h4 32. gxh4 Qxh4 33. Qc8 Rd8
34. Qc7 Rh8 35. Qe5+ f6 36. Rc7+ Kh6 37. Qxd5 Kg5 38. f4+ Kh5 39. Qf3+ Qg4 40.
Kf2 Qxf3+ 41. gxf3 g5 42. fxg5 Kxg5 43. Rg7+ Kh6 44. Rxa7 Rb8 45. Kg3 Kg5 46.
f4+ Kg6 47. a5 bxa5 48. bxa5 Rb3 49. Kf3 Ra3 50. a6 Ra2 51. d5 Rd2 52. Rd7 Ra2
53. a7 Ra6 54. Re7 Kh6 55. d6 Kg6 56. d7 1-0

[Event "NB II. Barcza csoport"]
[Site "Miskolc"]
[Date "2023.12.10"]
[Round "3.4"]
[White "Juhasz, Sandor"]
[Black "Zelena, Tamas"]
[Result "1/2-1/2"]
[WhiteElo "1761"]
[BlackElo "1980"]
[PlyCount "67"]
[EventDate "2023.10.08"]
[EventType "team-tourn"]
[EventRounds "9"]
[EventCountry "HUN"]
[Source "chess.hu"]
[WhiteTeam "DVTK II."]
[BlackTeam "M.Sportisk-KisBocsok"]
[WhiteTeamCountry "HUN"]
[BlackTeamCountry "HUN"]

1. d4 Nf6 2. Nc3 e6 3. a3 d5 4. Bf4 Bd6 5. Bg3 O-O 6. e3 c6 7. Nf3 Qc7 8. Bd3
Nbd7 9. Bxd6 Qxd6 10. O-O e5 11. dxe5 Nxe5 12. Nxe5 Qxe5 13. h3 Bf5 14. Bxf5
Qxf5 15. Ne2 Ne4 16. Nd4 Qg6 17. Qg4 Qxg4 18. hxg4 Rfe8 19. Rfe1 Nd6 20. c3 Re7
21. Re2 g6 22. f3 Rae8 23. Kf2 Nc4 24. Rae1 a6 25. Nb3 b6 26. Nc1 Ne5 27. b3 a5
28. Kg3 f5 29. gxf5 gxf5 30. Kf2 Kf7 31. Rd1 Kf6 32. Ree1 Ng6 33. g3 Re6 34.
Nd3 1/2-1/2

[Event "NB II. Barcza csoport"]
[Site "Miskolc"]
[Date "2023.12.10"]
[Round "3.5"]
[White "Ivan, Reka Gyongyver"]
[Black "Adam, Zoltan"]
[Result "1-0"]
[WhiteElo "1820"]
[BlackElo "1794"]
[PlyCount "91"]
[EventDate "2023.10.08"]
[EventType "team-tourn"]
[EventRounds "9"]
[EventCountry "HUN"]
[Source "chess.hu"]
[WhiteTeam "M.Sportisk-KisBocsok"]
[BlackTeam "DVTK II."]
[WhiteTeamCountry "HUN"]
[BlackTeamCountry "HUN"]

1. d4 Nf6 2. Bg5 d5 3. e3 Nbd7 4. Nd2 h6 5. Bh4 g5 6. Bg3 h5 7. h3 Ne4 8. Bh2
e6 9. Be2 h4 10. Ngf3 Bg7 11. Bd3 f5 12. Be2 c6 13. Nxe4 fxe4 14. Nd2 O-O 15.
O-O e5 16. c3 exd4 17. cxd4 Qe7 18. a3 Nf6 19. b4 Qe6 20. Be5 Nd7 21. Bxg7 Kxg7
22. Nb3 Rf6 23. Rc1 b6 24. b5 Bb7 25. Rc3 Qd6 26. Qc1 Rc8 27. Bg4 Rc7 28. Qc2
Nb8 29. a4 a5 30. Be2 Rcf7 31. Nd2 Kh6 32. Qb3 cxb5 33. Bxb5 Qf8 34. f3 Na6 35.
Rfc1 Nb4 36. Rc7 Qd6 37. Rxf7 Rxf7 38. fxe4 Qg3 39. Rf1 Rxf1+ 40. Nxf1 Qc7 41.
e5 Bc8 42. Qd1 Qg7 43. Nh2 Qg6 44. Qf3 Qb1+ 45. Nf1 Qg6 46. Qf8+ 1-0

[Event "NB II. Barcza csoport"]
[Site "Miskolc"]
[Date "2023.12.10"]
[Round "3.6"]
[White "Revai, Akos"]
[Black "Horvath, Peter"]
[Result "0-1"]
[WhiteElo "1613"]
[BlackElo "1917"]
[PlyCount "91"]
[EventDate "2023.10.08"]
[EventType "team-tourn"]
[EventRounds "9"]
[EventCountry "HUN"]
[Source "chess.hu"]
[WhiteTeam "DVTK II."]
[BlackTeam "M.Sportisk-KisBocsok"]
[WhiteTeamCountry "HUN"]
[BlackTeamCountry "HUN"]

1. e4 e5 2. b3 Nc6 3. Bb2 Bc5 4. Nf3 d6 5. h3 Nge7 6. Nc3 O-O 7. a3 a6 8. b4
Bb6 9. Bc4 Be6 10. Nd5 Bxd5 11. exd5 Nd4 12. Nxd4 exd4 13. O-O Ng6 14. f4 Qh4
15. Qf3 Rfe8 16. Kh2 Re7 17. c3 Rae8 18. g3 Qf6 19. Bd3 dxc3 20. Bxc3 Bd4 21.
h4 Bxc3 22. dxc3 Re3 23. Qd1 Qxc3 24. Bxg6 hxg6 25. Qg4 Qd2+ 26. Kh3 Re2 27.
Rh1 Qxd5 28. Rag1 R8e3 29. a4 c6 30. Rh2 Qa2 31. Rgg2 Rxg2 32. Rxg2 Qe6 33.
Qxe6 Rxe6 34. Rd2 d5 35. b5 Re4 36. bxc6 bxc6 37. Ra2 f5 38. Kg2 Kf7 39. Kf3
Ke6 40. Rc2 Kd6 41. a5 Ra4 42. g4 Ra3+ 43. Kg2 Rxa5 44. gxf5 gxf5 45. Kf3 Ra3+
46. Kg2 0-1

[Event "NB II. Barcza csoport"]
[Site "Miskolc"]
[Date "2023.12.10"]
[Round "3.7"]
[White "Szurovszky, Elek"]
[Black "Herczeg, Benedek"]
[Result "1-0"]
[WhiteElo "1904"]
[BlackElo "1596"]
[PlyCount "43"]
[EventDate "2023.10.08"]
[EventType "team-tourn"]
[EventRounds "9"]
[EventCountry "HUN"]
[Source "chess.hu"]
[WhiteTeam "M.Sportisk-KisBocsok"]
[BlackTeam "DVTK II."]
[WhiteTeamCountry "HUN"]
[BlackTeamCountry "HUN"]

1. Nf3 d5 2. d4 Nf6 3. Bf4 e6 4. c3 c5 5. e3 Nc6 6. Nbd2 Be7 7. Bd3 O-O 8. Ne5
cxd4 9. exd4 Qb6 10. Qb1 h6 11. O-O Nxe5 12. Bxe5 Bd7 13. a4 a5 14. Qc2 Rac8
15. h3 Kh8 16. Nb3 Ne4 17. f3 Nf6 18. Nc5 Rfd8 19. Nxd7 Rxd7 20. Qd2 Rdd8 21.
g4 Nd7 22. Qxh6+ 1-0

[Event "NB II. Barcza csoport"]
[Site "Miskolc"]
[Date "2023.12.10"]
[Round "3.8"]
[White "Torok, Vilmos"]
[Black "Ujpal, Balint"]
[Result "0-1"]
[WhiteElo "1608"]
[BlackElo "1790"]
[PlyCount "64"]
[EventDate "2023.10.08"]
[EventType "team-tourn"]
[EventRounds "9"]
[EventCountry "HUN"]
[Source "chess.hu"]
[WhiteTeam "DVTK II."]
[BlackTeam "M.Sportisk-KisBocsok"]
[WhiteTeamCountry "HUN"]
[BlackTeamCountry "HUN"]

1. e4 c6 2. d4 d5 3. exd5 cxd5 4. Be3 Nc6 5. Bd3 Nf6 6. c3 g6 7. Nf3 Bg7 8.
Nbd2 O-O 9. Nf1 Qc7 10. Ng3 Ng4 11. Qd2 e5 12. dxe5 Ncxe5 13. Nxe5 Qxe5 14. O-O
Nxe3 15. Qxe3 Qxe3 16. fxe3 Re8 17. Rae1 h5 18. h3 h4 19. Nh1 Bd7 20. e4 d4 21.
c4 Re5 22. Nf2 Rae8 23. Be2 Bh6 24. Bf3 Be3 25. Kh1 Bxf2 26. Rxf2 Bc6 27. Rfe2
d3 28. Rd2 f5 29. Rxd3 fxe4 30. Rde3 exf3 31. Rxe5 Rxe5 32. Rxe5 f2 0-1

[Event "NB II. Barcza csoport"]
[Site "Miskolc"]
[Date "2023.12.10"]
[Round "3.9"]
[White "Hajdu, Zoltan"]
[Black "Balogh, Borbala"]
[Result "1-0"]
[WhiteElo "1653"]
[BlackElo "1467"]
[PlyCount "111"]
[EventDate "2023.10.08"]
[EventType "team-tourn"]
[EventRounds "9"]
[EventCountry "HUN"]
[Source "chess.hu"]
[WhiteTeam "M.Sportisk-KisBocsok"]
[BlackTeam "DVTK II."]
[WhiteTeamCountry "HUN"]
[BlackTeamCountry "HUN"]

1. d4 Nf6 2. Bg5 g6 3. Nc3 d5 4. Qd2 Bg7 5. O-O-O O-O 6. Bh6 Bxh6 7. Qxh6 Ng4
8. Qf4 a6 9. h4 h5 10. f3 Nf2 11. g4 Nxh1 12. Qh2 hxg4 13. Qxh1 Kg7 14. fxg4
Bxg4 15. Nxd5 c6 16. Ne3 Bd7 17. Qe4 e6 18. Nf3 Rh8 19. Kb1 Qc7 20. Ng5 Be8 21.
Bh3 Qg3 22. Qd3 Qxh4 23. Rg1 Rh5 24. Nxe6+ fxe6 25. Bxe6 Rg5 26. Rf1 Nd7 27.
Qb3 Rb5 28. Qc3 Kh7 29. a4 Rg5 30. Bxd7 Bxd7 31. Rf7+ Kh6 32. Rxd7 Qh3 33. Re7
Rd8 34. d5 Rg8 35. d6 Rg1+ 36. Ka2 Qh4 37. b3 Qe1 38. Ng4+ Kg5 39. Qf6+ Kxg4
40. Re4+ Kh3 41. Qe6+ Kh2 42. Qe5+ Qg3 43. Rh4+ Kg2 44. Qe4+ Kf1 45. Rf4+ Qxf4
46. Qxf4+ Kg2 47. d7 Rd1 48. Qe4+ Kg1 49. Qe8 Rxe8 50. dxe8=Q g5 51. Qe3+ Kf1
52. Qf3+ Kg1 53. e4 Re1 54. e5 b6 55. Qg3+ Kf1 56. Qxg5 1-0

[Event "NB II. Barcza csoport"]
[Site "Miskolc"]
[Date "2023.12.10"]
[Round "3.10"]
[White "Bako, Tamas Sandor"]
[Black "Homolya, Daniel"]
[Result "0-1"]
[WhiteElo "1550"]
[BlackElo "1514"]
[PlyCount "92"]
[EventDate "2023.10.08"]
[EventType "team-tourn"]
[EventRounds "9"]
[EventCountry "HUN"]
[Source "chess.hu"]
[WhiteTeam "DVTK II."]
[BlackTeam "M.Sportisk-KisBocsok"]
[WhiteTeamCountry "HUN"]
[BlackTeamCountry "HUN"]

1. c4 Nf6 2. Nc3 g6 3. g3 Bg7 4. Bg2 O-O 5. e3 d6 6. Nge2 Nc6 7. O-O a6 8. a3
Nd7 9. d4 e5 10. Rb1 f5 11. b4 Ne7 12. c5 e4 13. Nf4 Nf6 14. f3 d5 15. fxe4
Nxe4 16. Nxe4 fxe4 17. Qb3 Kh8 18. Bh3 Bxh3 19. Nxh3 Rxf1+ 20. Kxf1 Qf8+ 21.
Ke1 Qf3 22. Nf4 Rf8 23. Rb2 Qh1+ 24. Kd2 g5 25. Ne2 Qxh2 26. Kc3 Rf2 27. Qd1
Nf5 28. g4 Nh6 29. Ng1 Rxb2 30. Bxb2 Qg2 31. Ne2 Nxg4 32. Bc1 Qf3 33. Qd2 h5
34. Ng1 Qf2 35. Qd1 Kh7 36. Nh3 Qf5 37. Qh1 Kg6 38. Qg2 Qf3 39. Qa2 Qxh3 40.
Qxd5 Nf6 41. Qxb7 g4 42. Qxc7 g3 43. Kc4 g2 44. d5 g1=Q 45. c6 Qxc1+ 46. Kd4
Nd7+ 0-1

[Event "NB II. Barcza csoport"]
[Site "Miskolc"]
[Date "2023.12.10"]
[Round "3.11"]
[White "Gal, Andras"]
[Black "Gyorgy, Balazs"]
[Result "1/2-1/2"]
[WhiteElo "1394"]
[BlackElo "1491"]
[PlyCount "42"]
[EventDate "2023.10.08"]
[EventType "team-tourn"]
[EventRounds "9"]
[EventCountry "HUN"]
[Source "chess.hu"]
[WhiteTeam "M.Sportisk-KisBocsok"]
[BlackTeam "DVTK II."]
[WhiteTeamCountry "HUN"]
[BlackTeamCountry "HUN"]

1. e4 e6 2. d4 d5 3. e5 c5 4. c3 Nc6 5. f4 Qb6 6. Nf3 Nh6 7. Na3 cxd4 8. Nxd4
Bxa3 9. bxa3 Nxd4 10. Qxd4 Qxd4 11. cxd4 Nf5 12. Bb2 Ne3 13. Kd2 Nxf1+ 14.
Rhxf1 Bd7 15. Bc3 a5 16. Rab1 Bc6 17. Rb6 Kd7 18. g4 h5 19. g5 g6 20. h4 Kc7
21. Rfb1 Ra7 1/2-1/2